000 00482nam a2200181Ia 4500
005 20250508152603.0
008 008 250505s9999 xx 000 0 hin d
037 _aTextual
040 _aFEDL
_beng
_cFEDL
041 _ahin
_2eng
084 _a360, SIN
_qFEDL
100 _aBaijnath Singh
_9761874
245 0 _aSahkari samaj
260 _aNew Delhi, India
_bSasta Sahitya Mandal
_c1959
300 _a116p.
942 _cTEXL
_h360, SIN
999 _c1337428
_d1337428